| 000 | 01076nam0a22002651 4500 | ||
|---|---|---|---|
| 001 | rc\4566096 | ||
| 005 | 20130416185449.1 | ||
| 021 |
_aRU _b[68-75678] |
||
| 035 | _a(NLR Aleph) 008648847 | ||
| 090 |
_a8989120 _c8989120 |
||
| 100 | _a20130416d1968 |||y0rusy50 ca | ||
| 101 | 0 | _arus | |
| 102 | _aRU | ||
| 105 | _aa z ||||| | ||
| 200 | 1 |
_aНачертательная геометрия _e(Решения типовых примеров, задачи для аудиторных и домашних упражнений) _fМ-во высш. и сред. спец. образования СССР. Моск. горный ин-т |
|
| 210 |
_aМосква _cБ. и. _d1968 |
||
| 215 |
_a196 с. _cчерт. _d21 |
||
| 606 |
_aНачертательная геометрия _jЗадачи _xРешение _2psbo |
||
| 700 | 1 |
_aМалышев _bА. С. _gАлександр Сергеевич |
|
| 701 | 1 |
_aЗибенгар _bЛ. А. _gЛев Августович |
|
| 801 | 0 |
_aRU _bNLR _gpsbo |
|
| 801 | 1 |
_aRU _bELAR _2rusmarc |
|
| 852 |
_aNLR _j68-5/4693 |
||
| 942 | _cBOOK | ||
| 980 | _aNB | ||